000 00733nam a22002537a 4500
001 56999
003 BD-RjUL
005 20211209080446.0
008 161205b1995 bg a|||| b||| 001 0 eng d
020 _a9840690108 :
_c : TK. 41.00
035 _a(BD-RjUL)57123
040 _aBD-RjUL
_beng
_cBD-RjUL
_dBD-RjUL
041 _aeng
082 _223
_a297.0904
_bFAA 1995
100 _aFarid, Ahmed
_9169384
245 _aAn encounter with Islam /
_cAhmed Farid
250 _a1st ed.
260 _aDhaka :
_bIslamic foundation Bangladesh,
_c1995.
300 _ax, 136 p. :
_bill ;
_c22 cm.
504 _aIncludes index and Bibliography p. (122-128)
650 _aIslam
_9169385
650 _y20th century
_9169386
942 _2ddc
_cBK
999 _c56999
_d56999